Dân ca các dân tộc thiểu số Việt Nam Dân ca trữ tình sinh hoạt Quyển 2
Gồm: Các bài dân ca trữ tình sinh hoạt (tiếp theo) về quan hệ xã hội; tình yêu lứa đôi với các bài hát chào mời
Zapisane w:
| 1. autor: | |
|---|---|
| Kolejni autorzy: | |
| Format: | Książka |
| Język: | Undetermined |
| Wydane: |
H.
Khoa học xã hội
2015
|
| Hasła przedmiotowe: | |
| Dostęp online: | http://lrc.tdmu.edu.vn/opac/search/detail.asp?aID=2&ID=25316 |
| Etykiety: |
Dodaj etykietę
Nie ma etykietki, Dołącz pierwszą etykiete!
|
| Thư viện lưu trữ: | Trung tâm Học liệu Trường Đại học Thủ Dầu Một |
|---|
| LEADER | 01197nam a2200241Ia 4500 | ||
|---|---|---|---|
| 001 | TDMU_25316 | ||
| 008 | 210410s9999 xx 000 0 und d | ||
| 082 | |a 398.8089 | ||
| 090 | |b TR121 | ||
| 100 | |a Trần, Thị An | ||
| 245 | 0 | |a Dân ca các dân tộc thiểu số Việt Nam | |
| 245 | 0 | |b Dân ca trữ tình sinh hoạt | |
| 245 | 0 | |c Trần Thị An (ch.b); Vũ Quang Dũng (b.soạn) | |
| 245 | 0 | |n Quyển 2 | |
| 260 | |a H. | ||
| 260 | |b Khoa học xã hội | ||
| 260 | |c 2015 | ||
| 300 | |a 487 tr. | ||
| 520 | |a Gồm: Các bài dân ca trữ tình sinh hoạt (tiếp theo) về quan hệ xã hội; tình yêu lứa đôi với các bài hát chào mời | ||
| 650 | |a Văn hóa dân gian |x Dân ca |x Trữ tình sinh hoạt |x Dân tộc thiểu số |z Việt Nam; Dân ca trữ tình sinh hoạt |x Dân tộc thiểu số |z Việt Nam; Dân tộc thiểu sốxDân ca |z Việt Nam | ||
| 700 | |a Hội Văn nghệ dân gian Việt Nam | ||
| 856 | |u http://lrc.tdmu.edu.vn/opac/search/detail.asp?aID=2&ID=25316 | ||
| 980 | |a Trung tâm Học liệu Trường Đại học Thủ Dầu Một | ||